Gauge theory of elementary particle physics / (Record no. 1857)

MARC details
000 -LEADER
fixed length control field 01285cam a2200361 a 4500
001 - CONTROL NUMBER
control field 4241026
003 - CONTROL NUMBER IDENTIFIER
control field OSt
005 - DATE AND TIME OF LATEST TRANSACTION
control field 20260221020004.0
008 - FIXED-LENGTH DATA ELEMENTS--GENERAL INFORMATION
fixed length control field 830606s1984 enka b 001 0 eng
010 ## - LIBRARY OF CONGRESS CONTROL NUMBER
LC control number 83007623
020 ## - INTERNATIONAL STANDARD BOOK NUMBER
International Standard Book Number 9780198830481
035 ## - SYSTEM CONTROL NUMBER
System control number 4241026
040 ## - CATALOGING SOURCE
Original cataloging agency DLC
Transcribing agency DLC
Modifying agency DLC
082 00 - DEWEY DECIMAL CLASSIFICATION NUMBER
Classification number 539.72101
Item number CHE
100 1# - MAIN ENTRY--PERSONAL NAME
Personal name Cheng, Ta-Pei.
9 (RLIN) 3630
245 10 - TITLE STATEMENT
Title Gauge theory of elementary particle physics /
Statement of responsibility, etc. Ta-Pei Cheng and Ling-Fong Li.
260 ## - PUBLICATION, DISTRIBUTION, ETC.
Place of publication, distribution, etc. New Delhi
Name of publisher, distributor, etc. Oxford University Press,
Date of publication, distribution, etc. 1984.
300 ## - PHYSICAL DESCRIPTION
Extent xi, 536 p. :
Other physical details ill. ;
Dimensions 25 cm.
336 ## - CONTENT TYPE
Content type term text
Content type code txt
Source rdacontent
337 ## - MEDIA TYPE
Media type term unmediated
Media type code n
Source rdamedia
338 ## - CARRIER TYPE
Carrier type term volume
Carrier type code nc
Source rdacarrier
440 #0 - SERIES STATEMENT/ADDED ENTRY--TITLE
Title Oxford science publications
9 (RLIN) 2659
500 ## - GENERAL NOTE
General note Includes index.
504 ## - BIBLIOGRAPHY, ETC. NOTE
Bibliography, etc. note Bibliography: p. [517]-526.
650 #0 - SUBJECT ADDED ENTRY--TOPICAL TERM
Topical term or geographic name entry element Gauge fields (Physics)
9 (RLIN) 3631
650 #0 - SUBJECT ADDED ENTRY--TOPICAL TERM
Topical term or geographic name entry element Particles (Nuclear physics)
9 (RLIN) 1097
700 1# - ADDED ENTRY--PERSONAL NAME
Personal name Li, Ling-Fong.
9 (RLIN) 3632
856 42 - ELECTRONIC LOCATION AND ACCESS
Materials specified Publisher description
Uniform Resource Identifier <a href="http://www.loc.gov/catdir/enhancements/fy0603/83007623-d.html">http://www.loc.gov/catdir/enhancements/fy0603/83007623-d.html</a>
856 41 - ELECTRONIC LOCATION AND ACCESS
Materials specified Table of contents only
Uniform Resource Identifier <a href="http://www.loc.gov/catdir/enhancements/fy0603/83007623-t.html">http://www.loc.gov/catdir/enhancements/fy0603/83007623-t.html</a>
906 ## - LOCAL DATA ELEMENT F, LDF (RLIN)
a 7
b cbc
c orignew
d 1
e ocip
f 19
g y-gencatlg
942 ## - ADDED ENTRY ELEMENTS (KOHA)
Source of classification or shelving scheme Dewey Decimal Classification
Koha item type Books
Koha issues (borrowed), all copies 1
Holdings
Withdrawn status Lost status Source of classification or shelving scheme Damaged status Not for loan Collection code Home library Current library Shelving location Date acquired Source of acquisition Cost, normal purchase price Total Checkouts Full call number Barcode Checked out Date last seen Date last checked out Copy number Cost, replacement price Price effective from Koha item type Public note
    Dewey Decimal Classification     Technical IIT Goa Central Library IIT Goa Central Library General Stacks 2026-02-03 Krishna Book Distributors 1495.00 1 539.72101 CHE 4595 2026-08-19 2026-02-20 2026-02-20 1 1495.00 2026-02-03 Books KBD/25-26/16189||31-12-2025||25.00%